Využitie RTG mikrotomografie v nedeštruktívnom testovaní materiálov

Gespeichert in:
Bibliographische Detailangaben
1. Verfasser: Czán, Tomáš (Verfasst von)
Weitere Verfasser: Novák, Patrik (Betreuung Doktorarbeit)
Format: Manuskript Buch
Sprache:Slowakisch
Veröffentlicht: 2025
Schlagworte:
Online-Zugang:http://is.stuba.sk/zp/portal_zp.pl?podrobnosti=184567
Tags: Tag hinzufügen
Keine Tags, Fügen Sie das erste Tag hinzu!

MARC

LEADER 00000ntm a22000003a 4500
001 stuzp98602
003 SK-STU
005 20250614210530.8
007 ta
008 150427s2015----xo-----f-mn---000-0-slo-d
040 |a STU  |b slo 
041 0 |a slo 
100 1 |a Czán, Tomáš  |u 036000  |4 aut  |U FEI Fakulta elektrotechniky a informatiky  |T FEI Ústav jadrového a fyzikálneho inžinierstva  |X 111242  |U E060  |Y 817  |7 111242 
242 0 1 |a The use of X-ray microtomography in non-destructive testing of materials  |y eng 
245 1 0 |a Využitie RTG mikrotomografie v nedeštruktívnom testovaní materiálov 
260 |c 2025 
650 4 |a inclusion  |2 eng 
650 4 |a defect  |2 eng 
650 4 |a uncertainty  |2 eng 
650 4 |a micro-CT  |2 eng 
650 4 |a microtomography µCT  |2 eng 
650 4 |a computed tomography  |2 eng 
650 4 |a materials research  |2 eng 
650 4 |a void  |2 eng 
650 4 |a porosity  |2 eng 
650 4 |a microscopic  |2 eng 
650 4 |a počítačová tomografia  |2 slo 
650 4 |a dutina  |2 slo 
650 4 |a computed tomography CT  |2 slo 
650 4 |a defekt  |2 slo 
650 4 |a pórovitosť  |2 slo 
650 4 |a mikroskopická  |2 slo 
650 4 |a mikro-CT  |2 slo 
650 4 |a počítačová mikrotomografia µCT  |2 slo 
650 4 |a inklúzia  |2 slo 
650 4 |a neistota  |2 slo 
650 4 |a materiálový výskum  |2 slo 
700 1 |a Novák, Patrik  |u 036000  |k Z2  |4 ths  |U FEI Fakulta elektrotechniky a informatiky  |T FEI Ústav jadrového a fyzikálneho inžinierstva  |X 51414  |U E060  |Y 817  |7 A000051414 
856 4 |u http://is.stuba.sk/zp/portal_zp.pl?podrobnosti=184567